Historia de las mujeres en occidente

Salvato in:
Dettagli Bibliografici
Autori principali: Duby, Georges (Autore), Perrot, Michelle (Autore)
Natura: Libro
Lingua:spagnolo
Pubblicazione: Madrid Taurus 2001
Edizione:3a. ed
Soggetti:
Tags: Aggiungi Tag
Nessun Tag, puoi essere il primo ad aggiungerne!!

MARC

LEADER 00000nam a2200000 a 4500
001 UCM8913
003 CL-VaPUC
008 030404e20010000SP |||||||||||||||||spa|d
020 |a 8430603972 
020 |a 8430603883v.1 
020 |a 8430603891v.2 
020 |a 8430603905v.3 
082 0 4 |a 305.409  |b DUB  |2 21 
100 0 |a Duby, Georges  |e author  |9 475212 
700 0 |a Perrot, Michelle  |e author  |9 475213 
245 1 0 |a Historia de las mujeres en occidente 
250 |a 3a. ed 
300 |a v 
942 |c BK 
945 |d 20030404 00:00:00  |a cmena 
260 |a Madrid  |b Taurus  |c 2001 
500 |a v.1: La antigüedad 
500 |a v.2: La Edad Media 
500 |a v.3: Del renacimiento a la Edad Moderna 
650 7 |a MUJERES HISTORIA  |2 CL-VaPUC  |9 319594 
650 7 |a EDAD MEDIA MUJERES  |2 CL-VaPUC  |9 328286 
650 7 |a RENACIMIENTO MUJERES  |2 CL-VaPUC  |9 328287 
650 7 |a EDAD MODERNA MUJERES  |2 CL-VaPUC  |9 328288 
650 7 |a MUJERES SIGLO 19  |2 CL-VaPUC  |9 328289 
650 0 |a Aspectos sociales  |9 254894 
583 |a last modification  |c 20030404 00:00:00  |k Rodrigo Vera 
999 |c 303328  |d 303326 
952 |0 0  |1 0  |4 0  |6 305_409000000000000_DUB_2001  |7 0  |8 A  |9 364542  |a BIBHIS  |b BIBHIS  |d 2019-11-21  |h v.1  |i 3890937  |l 3  |o 305.409 DUB 2001  |p 3890937  |r 2025-01-20  |s 2023-09-20  |w 2019-11-21  |y BK  |k HIS 
952 |0 0  |1 0  |4 0  |6 305_409000000000000_DUB_2001  |7 0  |8 A  |9 364543  |a BIBHIS  |b BIBHIS  |d 2019-11-21  |h v.2  |i 3890945  |l 1  |o 305.409 DUB 2001  |p 3890945  |r 2025-01-20  |s 2021-08-09  |w 2019-11-21  |y BK  |k HIS 
952 |0 0  |1 0  |4 0  |6 305_409000000000000_DUB_2001  |7 0  |8 A  |9 364544  |a BIBHIS  |b BIBHIS  |d 2019-11-21  |h v.3  |i 3890953  |l 3  |o 305.409 DUB 2001  |p 3890953  |r 2025-01-20  |s 2022-05-03  |w 2019-11-21  |y BK  |k HIS 
952 |0 0  |1 0  |4 0  |6 305_409000000000000_DUB_2001  |7 0  |8 A  |9 364545  |a BIBTEO  |b BIBTEO  |d 2019-11-21  |h v.1  |i 3977994  |o 305.409 DUB 2001  |p 3977994  |r 2025-01-17  |w 2019-11-21  |y BK  |k ICR 
952 |0 0  |1 0  |4 0  |6 305_409000000000000_DUB_2001  |7 0  |8 A  |9 364546  |a BIBTEO  |b BIBTEO  |d 2019-11-21  |h v.2  |i 3978001  |o 305.409 DUB 2001  |p 3978001  |r 2025-01-17  |w 2019-11-21  |y BK  |k ICR 
952 |0 0  |1 0  |4 0  |6 305_409000000000000_DUB_2001  |7 0  |8 A  |9 364547  |a BIBTEO  |b BIBTEO  |d 2019-11-21  |h v.3  |i 397801K  |o 305.409 DUB 2001  |p 397801K  |r 2025-01-17  |w 2019-11-21  |y BK  |k ICR